Statistics for Chicago Neighborhoods

Click here to take the quiz!

General Stats

  • This quiz has been taken 23 times
  • The average score is 101 of 252

Answer Stats

Community AreaNeighborhood% Correct
Albany ParkAlbany Park
100%
Logan SquareLogan Square
100%
McKinley ParkMcKinley Park
100%
O'HareO'Hare
100%
Rogers ParkRogers Park
100%
The LoopThe Loop
100%
Armour SquareArmour Square
94%
AvondaleAvondale
94%
BeverlyBeverly
94%
ChathamChatham
94%
ClearingClearing East
94%
ClearingClearing West
94%
EdgewaterEdgewater
94%
EdgewaterEdgewater Beach
94%
EdgewaterEdgewater Glen
94%
HermosaHermosa
94%
Hyde ParkHyde Park
94%
Lake ViewLake View
94%
Lincoln ParkLincoln Park
94%
Lincoln SquareLincoln Square
94%
PullmanPullman
94%
UptownUptown
94%
Near West SideWest Loop
94%
BridgeportBridgeport
88%
EnglewoodEnglewood
88%
Gage ParkGage Park
88%
Humboldt ParkHumboldt Park
88%
Irving ParkIrving Park
88%
Jefferson ParkJefferson Park
88%
KenwoodKenwood
88%
Morgan ParkMorgan Park
88%
Mount GreenwoodMount Greenwood
88%
North CenterNorth Center
88%
North LawndaleNorth Lawndale
88%
North ParkNorth Park
88%
Near North SideRiver North
88%
RoselandRoseland
88%
The LoopSouth Loop
88%
South ShoreSouth Shore
88%
West LawnWest Lawn
88%
EdgewaterAndersonville
81%
Archer HeightsArcher Heights
81%
AshburnAshburn
81%
AshburnAshburn Estates
81%
Avalon ParkAvalon Park
81%
Calumet HeightsCalumet Heights
81%
Chicago LawnChicago Lawn
81%
Armour SquareChinatown
81%
East Garfield ParkEast Garfield Park
81%
Garfield RidgeGarfield Ridge
81%
HegewischHegewisch
81%
MontclareMontclare
81%
Washington HeightsWashington Heights
81%
West ElsdonWest Elsdon
81%
West Garfield ParkWest Garfield Park
81%
West TownWest Town
81%
Auburn GreshamAuburn Gresham
75%
Brighton ParkBrighton Park
75%
Logan SquareBucktown
75%
Edison ParkEdison Park
75%
Forest GlenForest Glen
75%
New CityNew City
75%
Lincoln SquareRavenswood
75%
RiverdaleRiverdale
75%
South LawndaleSouth Lawndale
75%
Washington ParkWashington Park
75%
West EnglewoodWest Englewood
75%
BurnsideBurnside
69%
DunningDunning
69%
Grand BoulevardGrand Boulevard
69%
Greater Grand CrossingGreater Grand Crossing
69%
Lower West SideLower West Side
69%
Near North SideOld Town
69%
South ChicagoSouth Chicago
69%
West RidgeWest Ridge
69%
WoodlawnWoodlawn
69%
East SideEast Side
63%
Fuller ParkFuller Park
63%
Lake ViewLakeview (East)
63%
Near West SideLittle Italy
63%
Near West SideNear West Side
63%
Lower West SidePilsen
63%
Portage ParkPortage Park
63%
Near North SideStreeterville
63%
West PullmanWest Pullman
63%
North LawndaleDouglas Park
56%
South LawndaleLittle Village
56%
Near North SideNear North Side
56%
OaklandOakland
56%
South DeeringSouth Deering
56%
West TownUkrainian Village
56%
West TownWicker Park
56%
DouglasBronzeville
50%
Lake ViewNorthalsted "Boystown"
50%
Lake ViewWrigleyville
50%
Near North SideCabrini–Green
44%
Near North SideGold Coast
44%
Near West SideGreektown
44%
Irving ParkOld Irving Park
44%
West TownRiver West
44%
North CenterRoscoe Village
44%
New CityBack of the Yards
38%
UptownBuena Park
38%
Near North SideGoose Island
38%
Greater Grand CrossingGrand Crossing
38%
The LoopPrinter's Row
38%
Albany ParkRavenswood Manor
38%
Near West SideUniversity Village
38%
DouglasDearborn Homes
31%
Humboldt ParkEast Humboldt Park
31%
Lower West SideEast Pilsen
31%
Rogers ParkLoyola
31%
Chicago LawnMarquette Park
31%
Near South SideMuseum Campus
31%
The LoopNew Eastside
31%
Logan SquarePalmer Square
31%
West TownPulaski Park
31%
Lincoln ParkRanch Triangle
31%
Forest GlenSauganash
31%
Lincoln ParkSheffield Neighbors
31%
AustinSouth Austin
31%
DouglasSouth Commons
31%
Humboldt ParkWest Humboldt Park
31%
Hyde ParkEast Hyde Park
25%
West TownEast Village
25%
Near West SideFulton River District
25%
Auburn GreshamGresham
25%
Lower West SideHeart of Chicago
25%
North LawndaleK-Town
25%
DouglasLake Meadows
25%
Lake ViewLakeview (West)
25%
Albany ParkMayfair
25%
West TownNoble Square
25%
Norwood ParkNorwood Park East
25%
Norwood ParkNorwood Park West
25%
Lincoln ParkPark West
25%
North CenterSt. Ben's
25%
Lincoln ParkWest DePaul
25%
West RidgeWest Rogers Park
25%
AshburnWrightwood
25%
New CityCanaryville
19%
Near South Side | The LoopDearborn Park
19%
East Garfield ParkFifth City
19%
West LawnFord City
19%
DouglasGroveland Park
19%
Near West SideIllinois Medical District
19%
EdgewaterLakewood / Balmoral
19%
UptownMargate Park
19%
UptownNew Chinatown
19%
KenwoodNorth Kenwood
19%
Albany ParkNorth Mayfair
19%
Lincoln ParkOld Town Triangle
19%
Lincoln SquareRavenswood Gardens
19%
UptownSheridan Park
19%
West TownSmith Park
19%
AustinThe Island
19%
Armour SquareWentworth Gardens
19%
Lincoln ParkWrightwood Neighbors
19%
RiverdaleAltgeld Gardens
13%
HegewischArizona
13%
Belmont CraginBelmont Central
13%
Avondale | Hermosa | Logan SquareBelmont Gardens
13%
Lincoln SquareBudlong Woods
13%
Near South SideCentral Station
13%
UptownClarendon Park
13%
PullmanCottage Grove Heights
13%
Belmont CraginCragin
13%
BeverlyEast Beverly
13%
Forest GlenEdgebrook
13%
Belmont CraginHanson Park
13%
North LawndaleHoman Square
13%
AvondaleJackowo
13%
HermosaKelvyn Park
13%
Irving ParkKilbourn Park
13%
Logan SquareKosciuszko Park
13%
South LawndaleMarshall Square
13%
AustinNorth Austin
13%
Lake ViewNorth Halsted
13%
Forest GlenOld Edgebrook
13%
Norwood ParkOld Norwood
13%
Calumet HeightsPill Hill
13%
Avondale | Irving ParkPolish Village
13%
Near South SidePrairie Avenue Historic District
13%
DouglasPrairie Shores
13%
Forest GlenSouth Edgebrook
13%
DouglasStateway Gardens
13%
Mount GreenwoodTalley's Corner
13%
DouglasThe Gap
13%
Near West SideTri-Taylor
13%
AvondaleWacławowo
13%
Morgan ParkWest Morgan Park
13%
WoodlawnWest Woodlawn
13%
Forest GlenWildwood
13%
West RidgeArcadia Terrace
6%
Irving ParkAvondale Gardens
6%
DunningBelmont Heights
6%
DunningBelmont Terrace
6%
AshburnBeverly View
6%
Morgan ParkBeverly Woods
6%
Norwood ParkBig Oaks
6%
Lincoln SquareBowmanville
6%
Washington HeightsBrainerd
6%
Belmont CraginBrickyard
6%
ClearingChrysler Village
6%
AshburnCrestline
6%
ChathamEast Chatham
6%
RiverdaleEden Green
6%
RoselandFernwood
6%
AustinGalewood
6%
RiverdaleGolden Gate
6%
EnglewoodHamilton Park
6%
North ParkHollywood Park
6%
DunningIrving Woods
6%
South ShoreJackson Park Highlands
6%
Morgan ParkKennedy Park
6%
RoselandKensington
6%
Garfield RidgeLeClaire Courts
6%
Grand BoulevardLegends South (Robert Taylor Homes)
6%
RoselandLilydale
6%
Chicago LawnLithuanian Plaza
6%
Washington HeightsLongwood Manor
6%
Avalon ParkMarynook
6%
Irving ParkMerchant Park
6%
West RidgeNortown
6%
Norwood ParkOriole Park
6%
Greater Grand CrossingPark Manor
6%
AshburnParkview
6%
West RidgePeterson Park
6%
RoselandPrinceton Park
6%
North ParkRiver's Edge
6%
RoselandRosemoor
6%
O'HareSchorsch Forest View
6%
DunningSchorsch Village
6%
AshburnScottsdale
6%
LakeviewSheridan Station Corridor
6%
Garfield RidgeSleepy Hollow
6%
Avalon ParkStony Island Park
6%
Norwood ParkUnion Ridge
6%
Garfield RidgeVittum Park
6%
BeverlyWest Beverly
6%
ChathamWest Chatham
6%
Chatham | RoselandWest Chesterfield
6%
Jefferson ParkGladstone Park
0%
Lake ViewGraceland West
0%
West RidgeRosehill
0%
Lake ViewSouth East Ravenswood
0%
Irving ParkThe Villa
0%

Score Distribution

Percentile by Number Answered

Percent of People with Each Score

Your Score History

You have not taken this quiz